The cross of Christ / (Record no. 4410)
[ view plain ]
| 000 -LEADER | |
|---|---|
| fixed length control field | 00604cam a22002171 4500 |
| 001 - CONTROL NUMBER | |
| control field | 9253050 |
| 003 - CONTROL NUMBER IDENTIFIER | |
| control field | OSt |
| 005 - DATE AND TIME OF LATEST TRANSACTION | |
| control field | 20181205163920.0 |
| 008 - FIXED-LENGTH DATA ELEMENTS--GENERAL INFORMATION | |
| fixed length control field | 00026401910 nyu 000 0 eng d |
| 010 ## - LIBRARY OF CONGRESS CONTROL NUMBER | |
| LC control number | 10008987 |
| 040 ## - CATALOGING SOURCE | |
| Original cataloging agency | IHT |
| Transcribing agency | IHT |
| Modifying agency | m/c |
| -- | OCL |
| -- | ATH |
| 082 ## - DEWEY DECIMAL CLASSIFICATION NUMBER | |
| Classification number | 232.96 |
| Item number | S613C |
| 090 ## - LOCALLY ASSIGNED LC-TYPE CALL NUMBER (OCLC); LOCAL CALL NUMBER (RLIN) | |
| Classification number (OCLC) (R) ; Classification number, CALL (RLIN) (NR) | SEM WW 10 Si58c |
| 100 1# - MAIN ENTRY--PERSONAL NAME | |
| Personal name | Simpson, A. B. |
| Fuller form of name | (Albert B.) |
| 245 14 - TITLE STATEMENT | |
| Title | The cross of Christ / |
| Statement of responsibility, etc. | A.B. Simpson. |
| 260 ## - PUBLICATION, DISTRIBUTION, ETC. | |
| Place of publication, distribution, etc. | Harrisburg; |
| Name of publisher, distributor, etc. | Christian Publications, Inc. |
| Date of publication, distribution, etc. | c1969 |
| 300 ## - PHYSICAL DESCRIPTION | |
| Extent | 142 p. ; |
| Dimensions | 19 cm. |
| 600 00 - SUBJECT ADDED ENTRY--PERSONAL NAME | |
| Personal name | Jesus Christ |
| General subdivision | Crucifixion. |
| 600 00 - SUBJECT ADDED ENTRY--PERSONAL NAME | |
| Personal name | Jesus Christ |
| General subdivision | Resurrection. |
| 942 ## - ADDED ENTRY ELEMENTS (KOHA) | |
| Source of classification or shelving scheme | Dewey Decimal Classification |
| Koha item type | Books |
| Withdrawn status | Lost status | Source of classification or shelving scheme | Damaged status | Not for loan | Collection code | Home library | Current library | Shelving location | Date acquired | Cost, normal purchase price | Total Checkouts | Full call number | Barcode | Date last seen | Price effective from | Koha item type |
|---|---|---|---|---|---|---|---|---|---|---|---|---|---|---|---|---|
| Dewey Decimal Classification | Not For Loan | Non-fiction | Harvest Mission College | Harvest Mission College | General Stacks | 05.12.2018 | 120.00 | 232.96 S613C | 005067 | 05.12.2018 | 05.12.2018 | Books |
